Statistics for Guess the Korean actor!

Click here to take the quiz!

General Stats

  • This quiz has been taken 54 times
  • The average score is 9 of 14

Answer Stats

Answer% Correct
Iu
82%
Ji chang wook
78%
Kim go eun
78%
Lee dong wook
73%
Bae suzy
71%
D.O.
69%
Park seo joon
69%
Gong yoo
64%
Eunwoo
62%
Han so hee
56%
Taecyeon
51%
Wi ha joon
47%
Moon ga young
42%
Jinyoung
33%

Score Distribution

Percentile by Number Answered

Percent of People with Each Score

Your Score History

You have not taken this quiz